[Event "ESP-ch U18"]
[Site "Salobrena"]
[Date "2023.07.31"]
[Round "2"]
[White "Casares Bonals, Asier"]
[Black "Montesinos Diaz, Luis"]
[Result "1-0"]
[WhiteElo "1920"]
[BlackElo "2090"]
[PlyCount "71"]
[EventDate "2023.07.31"]
[EventType "swiss"]
[EventRounds "9"]
[EventCountry "ESP"]
[SourceTitle "CBM 215 Extra"]
[Source "ChessBase"]
[SourceDate "2023.09.30"]
[SourceVersion "1"]
[SourceVersionDate "2023.09.30"]
[SourceQuality "1"]

1. e4 c6 2. d4 d5 3. exd5 cxd5 4. Bd3 Nc6 5. c3 Nf6 6. h3 g6 7. Bf4 Bf5 8. Be2 Bg7 9. Nf3 0-0 10. 0-0 a6 11. Nbd2 b5 12. Re1 h6 13. Rc1 g5 14. Bh2 e6 15. Nb3 Ne4 16. Nfd2 Bg6 17. Nxe4 dxe4 18. Bf1 Qd5 19. a4 bxa4 20. Nc5 e5 21. Nxa4 Ra7 22. dxe5 Qxd1 23. Rcxd1 Nxe5 24. Nc5 Rb8 25. Rd2 Rb6 26. Nxe4 Re6 27. Re3 a5 28. Nc5 Ree7 29. b4 axb4 30. cxb4 Ra1 31. b5 Nc4 32. Rd8+ Kh7 33. Rxe7 Bf6 34. Red7 Bxd8 35. Rxd8 Bc2 36. g4 1-0

[Event "ESP-ch U16"]
[Site "Salobrena"]
[Date "2022.07.28"]
[Round "6"]
[White "Fernandez Rosado, Roberto"]
[Black "Casares Bonals, Asier"]
[Result "1-0"]
[WhiteElo "1968"]
[BlackElo "1746"]
[PlyCount "93"]
[EventDate "2022.07.25"]
[EventType "swiss"]
[EventRounds "9"]
[EventCountry "ESP"]
[SourceTitle "EXT 2023"]
[Source "ChessBase"]
[SourceDate "2022.10.05"]
[SourceVersion "1"]
[SourceVersionDate "2022.10.05"]
[SourceQuality "1"]

1. d4 Nf6 2. Nf3 e6 3. g3 b6 4. Bg2 Bb7 5. 0-0 d5 6. b3 Be7 7. Bb2 0-0 8. Nbd2 Nbd7 9. Rc1 Rc8 10. Ne5 c5 11. e3 Bd6 12. Qe2 Qe7 13. Rfd1 Rfd8 14. c4 Ba8 15. Nxd7 Rxd7 16. cxd5 exd5 17. Bh3 Rcd8 18. Bxd7 Qxd7 19. dxc5 bxc5 20. Bxf6 gxf6 21. Qf3 Qe6 22. Qh5 Kh8 23. b4 cxb4 24. Nb3 Rg8 25. Nd4 Qd7 26. Qf5 Qxf5 27. Nxf5 Be5 28. Nd4 Rd8 29. f4 Bd6 30. Nc6 Rd7 31. Rxd5 a5 32. Rxa5 Bb7 33. Rd5 Kg7 34. Rcd1 Bc5 35. Rxd7 Bxe3+ 36. Kf1 Bxc6 37. R7d4 Ba4 38. R1d2 Bxd2 39. Rxd2 b3 40. a3 Bb5+ 41. Kf2 Kf8 42. Rd4 Bc6 43. Rb4 Bd5 44. a4 Ke7 45. Ke3 Kd6 46. Kd4 Be6 47. a5 1-0

[Event "Llinars del Valles op"]
[Site "Llinars del Valles"]
[Date "2022.06.30"]
[Round "6"]
[White "Casares Bonals, Asier"]
[Black "Serrano Batova, Vicent"]
[Result "0-1"]
[WhiteElo "1746"]
[BlackElo "1979"]
[PlyCount "80"]
[EventDate "2022.06.25"]
[EventType "swiss"]
[EventRounds "9"]
[EventCountry "ESP"]
[SourceTitle "CBM 209 Extra"]
[Source "ChessBase"]
[SourceDate "2022.09.30"]
[SourceVersion "1"]
[SourceVersionDate "2022.09.30"]
[SourceQuality "1"]

1. e4 c5 2. Nf3 d6 3. d4 cxd4 4. Nxd4 Nf6 5. Nc3 g6 6. Be3 Bg7 7. Bc4 0-0 8. f3 Nc6 9. Bb3 Bd7 10. 0-0 Rc8 11. Nxc6 Bxc6 12. Qd2 a6 13. a4 Nd7 14. Bd4 Nc5 15. Bxg7 Kxg7 16. Ra3 b5 17. axb5 axb5 18. Nd5 Bxd5 19. Bxd5 e6 20. Qd4+ Qf6 21. Qxf6+ Kxf6 22. Bb3 b4 23. Raa1 Nxb3 24. cxb3 Rc2 25. Rf2 Rfc8 26. Rxc2 Rxc2 27. Ra4 Ke5 28. Rxb4 f5 29. exf5 gxf5 30. Rh4 d5 31. Rxh7 Kf4 32. Rd7 Ke3 33. h4 d4 34. g4 fxg4 35. fxg4 d3 36. h5 d2 37. h6 Rc8 38. h7 Rh8 39. g5 Rxh7 40. Rd6 e5 0-1

[Event "Llinars del Valles op 1st"]
[Site "Llinars del Valles"]
[Date "2021.07.03"]
[Round "9"]
[White "Casares Bonals, Asier"]
[Black "Garre Montes, Marc"]
[Result "1-0"]
[WhiteElo "1656"]
[BlackElo "1586"]
[PlyCount "51"]
[EventDate "2021.06.25"]
[EventType "swiss"]
[EventRounds "9"]
[EventCountry "ESP"]
[SourceTitle "CBM 203 Extra"]
[Source "ChessBase"]
[SourceDate "2021.09.30"]
[SourceVersion "1"]
[SourceVersionDate "2021.09.30"]
[SourceQuality "1"]

1. e4 c5 2. Nf3 d6 3. d4 cxd4 4. Nxd4 Nf6 5. Nc3 g6 6. Be3 Bg7 7. Bc4 0-0 8. Bb3 Nc6 9. f3 Bd7 10. h4 h5 11. Qd2 Rc8 12. 0-0-0 Ne5 13. Bg5 a6 14. g4 hxg4 15. h5 Nxh5 16. Nd5 Re8 17. Rxh5 gxh5 18. Qh2 a5 19. a3 a4 20. Ba2 b5 21. Qxh5 Rc5 22. Rh1 Ng6 23. Qh7+ Kf8 24. Bh6 Bxh6+ 25. Qxh6+ Kg8 26. Nf5 1-0

[Event "Llinars del Valles op 1st"]
[Site "Llinars del Valles"]
[Date "2021.06.28"]
[Round "4"]
[White "Casares Bonals, Asier"]
[Black "Deulonder Camins, Xavier"]
[Result "0-1"]
[WhiteElo "1656"]
[BlackElo "1862"]
[PlyCount "36"]
[EventDate "2021.06.25"]
[EventType "swiss"]
[EventRounds "9"]
[EventCountry "ESP"]
[SourceTitle "CBM 203 Extra"]
[Source "ChessBase"]
[SourceDate "2021.09.30"]
[SourceVersion "1"]
[SourceVersionDate "2021.09.30"]
[SourceQuality "1"]

1. e4 e5 2. Nf3 Nc6 3. Bc4 Bc5 4. c3 Qe7 5. 0-0 Nf6 6. d4 Bb6 7. Bg5 d6 8. h3 h6 9. Bxf6 Qxf6 10. Bb5 0-0 11. Bxc6 bxc6 12. dxe5 dxe5 13. Qa4 Bxh3 14. Rd1 Bg4 15. Nbd2 Rad8 16. Qc2 Qf4 17. Rf1 Rd6 18. g3 Qxg3+ 0-1

[Event "ESP-ch U16"]
[Site "Salobrena"]
[Date "2020.08.15"]
[Round "9"]
[White "Perez Garcia, Jimena"]
[Black "Casares Bonals, Asier"]
[Result "1-0"]
[WhiteElo "1822"]
[BlackElo "1654"]
[PlyCount "51"]
[EventDate "2020.08.10"]
[EventType "swiss"]
[EventRounds "9"]
[EventCountry "ESP"]
[SourceTitle "EXT 2021"]
[Source "ChessBase"]
[SourceDate "2020.10.23"]
[SourceVersion "1"]
[SourceVersionDate "2020.10.23"]
[SourceQuality "1"]

1. d4 f5 2. g3 Nf6 3. Bg2 g6 4. c4 Bg7 5. Nh3 0-0 6. 0-0 d6 7. d5 c6 8. Nc3 e5 9. dxe6 Bxe6 10. Qb3 Qe7 11. Ng5 Bc8 12. Bf4 Kh8 13. Rad1 Ne8 14. Qa3 Na6 15. Nf3 Be6 16. Rfe1 Rd8 17. e4 Qc7 18. exf5 Bxf5 19. Nd4 Qc8 20. b4 c5 21. bxc5 dxc5 22. Nxf5 Rxd1 23. Rxd1 gxf5 24. Nd5 Bd4 25. Rxd4 Nec7 26. Be5+ 1-0

[Event "ESP-ch U14"]
[Site "Salobrena"]
[Date "2020.08.05"]
[Round "5"]
[White "Rodriguez Perez, Alicia"]
[Black "Casares Bonals, Asier"]
[Result "0-1"]
[WhiteElo "1074"]
[BlackElo "1654"]
[PlyCount "66"]
[EventDate "2020.08.03"]
[EventType "swiss"]
[EventRounds "9"]
[EventCountry "ESP"]
[SourceTitle "EXT 2021"]
[Source "ChessBase"]
[SourceDate "2020.10.23"]
[SourceVersion "1"]
[SourceVersionDate "2020.10.23"]
[SourceQuality "1"]

1. e4 c5 2. Nf3 e6 3. d4 cxd4 4. Nxd4 a6 5. a4 Qc7 6. Nc3 Nf6 7. Bd3 Be7 8. Bg5 d6 9. h3 Nbd7 10. Bh4 b6 11. Bg3 Bb7 12. Qd2 Rc8 13. Nf3 Qb8 14. 0-0 0-0 15. Rfe1 Qa8 16. Qe3 Rfd8 17. Rad1 h6 18. Bh2 Nc5 19. b3 Nxb3 20. Qxb6 Rxc3 21. cxb3 Rdc8 22. Re3 Rc1 23. Rxc1 Rxc1+ 24. Re1 Rc3 25. Bb1 d5 26. exd5 Nxd5 27. Qd4 Rxb3 28. Bc2 Rc3 29. Bb1 Bc5 30. Qh4 Nf6 31. Qg3 Bxf3 32. gxf3 Rxf3 33. Qc7 Bxf2+ 0-1

[Event "Sant Andreu Tram-C"]
[Site "Barcelona"]
[Date "2019.09.21"]
[Round "2.5"]
[White "Puente Fernandez, Lucas"]
[Black "Casares Bonals, Asier"]
[Result "1-0"]
[WhiteElo "1521"]
[BlackElo "1570"]
[PlyCount "75"]
[EventDate "2019.09.14"]
[EventType "tourn"]
[EventRounds "9"]
[EventCountry "ESP"]
[SourceTitle "EXT 2024"]
[Source "ChessBase"]
[SourceDate "2023.10.10"]
[SourceVersion "1"]
[SourceVersionDate "2023.10.10"]
[SourceQuality "1"]

1. e4 c5 2. Nc3 e6 3. g3 a6 4. Bg2 Qc7 5. d3 d6 6. Nge2 Nf6 7. 0-0 Nc6 8. h3 b5 9. a3 Bb7 10. Bg5 Be7 11. Qd2 0-0 12. f4 Rfe8 13. g4 h6 14. Bxf6 Bxf6 15. g5 hxg5 16. fxg5 Be7 17. Qf4 Bf8 18. Rf2 Ne5 19. Raf1 Rad8 20. h4 b4 21. axb4 cxb4 22. Na2 Rd7 23. d4 Ng6 24. Qg4 Qxc2 25. Nf4 Qc4 26. Nxg6 fxg6 27. h5 Be7 28. hxg6 Bf6 29. gxf6 gxf6 30. Rxf6 Qxd4+ 31. Kh1 Rg7 32. Qf4 Rge7 33. Rf8+ Kg7 34. Rxe8 Rxe8 35. Qf7+ Kh6 36. Qxe8 Bxe4 37. Qf8+ Kh5 38. Bxe4 1-0

[Event "Sant Andreu Tram-C"]
[Site "Barcelona"]
[Date "2019.09.14"]
[Round "1.2"]
[White "Casares Bonals, Asier"]
[Black "Roig Martinez, Salvador"]
[Result "0-1"]
[WhiteElo "1570"]
[BlackElo "1541"]
[PlyCount "192"]
[EventDate "2019.09.14"]
[EventType "tourn"]
[EventRounds "9"]
[EventCountry "ESP"]
[SourceTitle "EXT 2024"]
[Source "ChessBase"]
[SourceDate "2023.10.10"]
[SourceVersion "1"]
[SourceVersionDate "2023.10.10"]
[SourceQuality "1"]

1. e4 e5 2. Nf3 Nc6 3. Bc4 Bc5 4. c3 d6 5. d4 exd4 6. cxd4 Bb4+ 7. Nbd2 Nge7 8. 0-0 0-0 9. h3 Ng6 10. a3 Ba5 11. b4 Bb6 12. Nb3 Nce7 13. Qd2 d5 14. exd5 Nxd5 15. Bb2 c6 16. Rfe1 Qf6 17. Ne5 Bc7 18. Rac1 Bd6 19. Nc5 Qf4 20. Qd3 Qf5 21. Qxf5 Bxf5 22. Nxb7 Bxe5 23. dxe5 Nge7 24. Nd6 Be6 25. Ba6 Rfd8 26. Bb7 Rab8 27. Bd4 Nb6 28. Bxc6 Nbc8 29. Nxc8 Rbxc8 30. Bxa7 Rxc6 31. Bc5 Rdc8 32. Ra1 Nd5 33. Rf1 Nc3 34. f3 Bc4 35. Rfe1 Bb5 36. f4 Na4 37. Bd6 Rc2 38. f5 Be8 39. e6 fxe6 40. fxe6 Rd2 41. Rf1 Rxd6 42. e7 Bf7 43. Rfe1 Re8 44. Rac1 Re6 45. Rxe6 Bxe6 46. Rc7 Kf7 47. Ra7 Nb6 48. Ra6 Nd5 49. b5 Bc8 50. Rd6 Nc3 51. b6 Nb5 52. Rd3 Rxe7 53. a4 Na7 54. bxa7 Rxa7 55. Ra3 Ra5 56. Kf2 Bd7 57. Rd3 Bxa4 58. g4 Bc6 59. Kg3 Ra2 60. Rc3 Rg2+ 61. Kh4 Bd7 62. Kg5 Re2 63. Rf3+ Ke7 64. Kh5 Bc6 65. Rg3 Re5+ 66. g5 Be4 67. Kg4 Bg6 68. Ra3 Re4+ 69. Kg3 Rd4 70. Ra7+ Rd7 71. Ra5 Ke6 72. Kg4 Rd4+ 73. Kg3 Bh5 74. Ra7 Rd7 75. Ra5 Rd5 76. Ra7 Bf7 77. h4 Rd7 78. Ra5 Bh5 79. Ra3 Ke5 80. Re3+ Kd4 81. Ra3 Ke4 82. Ra4+ Rd4 83. Ra7 Rd3+ 84. Kg2 Rd2+ 85. Kg3 Rd3+ 86. Kg2 Kf4 87. Rxg7 Rd2+ 88. Kf1 Kg3 89. Re7 Rd1+ 90. Re1 Rxe1+ 91. Kxe1 Kxh4 92. Kf1 Kxg5 93. Kg1 Kh4 94. Kh2 Bf3 95. Kg1 Kg3 96. Kf1 h5 0-1

[Event "Llinars del Valles op-B 13th"]
[Site "Llinars del Valles"]
[Date "2019.06.01"]
[Round "6"]
[White "Franco Solanas, Juan Antonio"]
[Black "Casares Bonals, Asier"]
[Result "0-1"]
[WhiteElo "1622"]
[BlackElo "1677"]
[PlyCount "92"]
[EventDate "2019.03.30"]
[EventType "swiss"]
[EventRounds "8"]
[EventCountry "ESP"]
[SourceTitle "EXT 2020"]
[Source "ChessBase"]
[SourceDate "2019.10.17"]
[SourceVersion "1"]
[SourceVersionDate "2019.10.17"]
[SourceQuality "1"]

1. d4 Nf6 2. Bf4 g6 3. Nf3 d5 4. e3 Bg7 5. c3 0-0 6. Be2 c5 7. h3 cxd4 8. exd4 Bf5 9. Ne5 Nbd7 10. Qb3 Nxe5 11. Bxe5 Qd7 12. Na3 a6 13. Nc2 Bxc2 14. Qxc2 Ne4 15. Bxg7 Kxg7 16. 0-0 Rac8 17. Qd3 h5 18. Rac1 b5 19. b3 Nd6 20. Rfe1 Rc7 21. Bf3 e6 22. Qe3 Rfc8 23. Qe5+ Kg8 24. Re3 b4 25. Qg5 Rxc3 26. Rcxc3 Rxc3 27. Bxh5 Ne4 28. Qf4 gxh5 29. Qb8+ Qc8 30. Qxb4 Rxe3 31. fxe3 Qc1+ 32. Kh2 Qxe3 33. Qb8+ Kg7 34. Qe5+ Kg6 35. Qh8 Nf6 36. Qa8 Qf4+ 37. Kh1 Qxd4 38. Qxa6 Qe4 39. a4 d4 40. Qf1 d3 41. Kg1 Qe3+ 42. Kh2 d2 43. a5 Qe1 44. Qd3+ Kh6 45. Qd4 e5 46. Qd6 Kg7 0-1

[Event "Roncana op-B 12th"]
[Site "Santa Eulalia de Roncana"]
[Date "2018.12.01"]
[Round "8"]
[White "Flores Munoz, Daniel"]
[Black "Casares Bonals, Asier"]
[Result "0-1"]
[WhiteElo "1565"]
[BlackElo "1457"]
[PlyCount "45"]
[EventDate "2018.09.29"]
[EventType "swiss"]
[EventRounds "8"]
[EventCountry "ESP"]
[SourceTitle "EXT 2022"]
[Source "ChessBase"]
[SourceDate "2021.10.06"]
[SourceVersion "1"]
[SourceVersionDate "2021.10.06"]
[SourceQuality "1"]

1. d4 Nf6 2. Nd2 g6 3. e4 d5 4. e5 Nfd7 5. Bd3 Bg7 6. f4 0-0 7. Ngf3 c5 8. c3 Nc6 9. dxc5 Nxc5 10. Bc2 d4 11. cxd4 Nxd4 12. Nxd4 Qxd4 13. Nf3 Qb4+ 14. Qd2 Qb6 15. Qf2 Bg4 16. 0-0 Rac8 17. Kh1 Rfd8 18. Nd2 Qb5 19. Qg3 Be2 20. Rg1 Bd3 21. Bb3 e6 22. h3 Bf5 23. Re1 0-1

[Event "Llinars del Valles op-B 12th"]
[Site "Llinars del Valles"]
[Date "2018.06.09"]
[Round "8.8"]
[White "Bosch Ricart, Joan"]
[Black "Casares Bonals, Asier"]
[Result "0-1"]
[WhiteElo "1623"]
[BlackElo "1467"]
[PlyCount "90"]
[EventDate "2018.04.14"]
[EventType "swiss"]
[EventRounds "8"]
[EventCountry "ESP"]
[SourceTitle "CBM 184 Extra"]
[Source "ChessBase"]
[SourceDate "2018.06.28"]
[SourceVersion "1"]
[SourceVersionDate "2018.06.28"]
[SourceQuality "1"]

1. e4 c5 2. Nf3 e6 3. d4 cxd4 4. Nxd4 Nf6 5. Bd3 Nc6 6. Nxc6 bxc6 7. 0-0 d5 8. exd5 cxd5 9. Bg5 Be7 10. Nd2 0-0 11. Nf3 Qc7 12. Re1 Bb7 13. c3 Rfe8 14. Bh4 Qd8 15. Qc2 h6 16. Ne5 Rc8 17. Rac1 Nd7 18. Bg3 Nxe5 19. Bxe5 Bd6 20. Bxd6 Qxd6 21. Qa4 Qb6 22. Qb3 Rf8 23. Qxb6 axb6 24. Bb5 Rfd8 25. Rcd1 Rf8 26. f4 f6 27. g4 Kf7 28. Kg2 Rc5 29. a4 e5 30. fxe5 fxe5 31. Rd2 Ke6 32. Kg3 Rc7 33. Rf1 Rcf7 34. Rxf7 Rxf7 35. b3 g5 36. Rf2 Rf4 37. h3 Kf6 38. Rxf4+ gxf4+ 39. Kf2 e4 40. h4 Ke5 41. b4 e3+ 42. Ke2 Bc8 43. Kf3 Bb7 44. Ke2 d4 45. cxd4+ Kxd4 0-1

[Event "Llinars del Valles op 11th B"]
[Site "Llinars del Valles"]
[Date "2017.06.17"]
[Round "9.21"]
[White "Diaz Doblas, Juan"]
[Black "Casares Bonals, Asier"]
[Result "1-0"]
[WhiteElo "1663"]
[BlackElo "1377"]
[PlyCount "79"]
[EventDate "2017.04.22"]
[EventType "swiss"]
[EventRounds "9"]
[EventCountry "ESP"]
[SourceTitle "EXT 2024"]
[Source "ChessBase"]
[SourceDate "2023.10.10"]
[SourceVersion "1"]
[SourceVersionDate "2023.10.10"]
[SourceQuality "1"]

1. e4 c5 2. Nc3 Nc6 3. g3 g6 4. Bg2 Bg7 5. Nge2 d6 6. 0-0 Nf6 7. d4 cxd4 8. Nxd4 0-0 9. h3 Bd7 10. Be3 a6 11. a3 Rc8 12. Qd2 Ne5 13. b3 Qc7 14. Nce2 b5 15. Rfc1 a5 16. f4 Nc6 17. Nxb5 Qb7 18. Nbd4 Nxd4 19. Bxd4 Nxe4 20. Bxe4 Qxe4 21. Bxg7 Kxg7 22. Kh2 Bb5 23. c4 Bc6 24. Nc3 Qf5 25. g4 Qd7 26. Re1 Rb8 27. Rab1 f5 28. g5 Rfe8 29. Nd5 a4 30. b4 Qa7 31. Re6 Qd7 32. Rbe1 Bxd5 33. Qxd5 Ra8 34. c5 Rac8 35. cxd6 exd6 36. b5 Rc5 37. Qd4+ Kf7 38. Qf6+ Kg8 39. Rxe8+ Qxe8 40. Rxe8# 1-0

[Event "Roncana op-C U14 7th"]
[Site "Santa Eulalia de Roncana"]
[Date "2013.11.30"]
[Round "8"]
[White "Cabrera Gallego, Alejandro Nicolas"]
[Black "Casares Bonals, Asier"]
[Result "1-0"]
[WhiteElo "1703"]
[BlackElo "1700"]
[PlyCount "33"]
[EventDate "2013.10.05"]
[EventType "swiss"]
[EventRounds "8"]
[EventCountry "ESP"]
[SourceTitle "EXT 2015"]
[Source "ChessBase"]
[SourceDate "2014.11.20"]
[SourceVersion "1"]
[SourceVersionDate "2014.11.20"]
[SourceQuality "1"]

1. e4 e5 2. Qf3 Nf6 3. Bc4 g6 4. d3 c6 5. Bg5 d5 6. exd5 Bg4 7. Qg3 Bb4+ 8. Nd2 Bf5 9. 0-0-0 0-0 10. h3 cxd5 11. Bxf6 Qxf6 12. Bxd5 Nc6 13. h4 Rad8 14. h5 e4 15. Qh4 Qe5 16. hxg6 hxg6 17. Qh7# 1-0

[Event "Roncana op-C U14 7th"]
[Site "Santa Eulalia de Roncana"]
[Date "2013.10.26"]
[Round "4"]
[White "Perez Ruz, Pol"]
[Black "Casares Bonals, Asier"]
[Result "1-0"]
[WhiteElo "1712"]
[BlackElo "1700"]
[PlyCount "41"]
[EventDate "2013.10.05"]
[EventType "swiss"]
[EventRounds "8"]
[EventCountry "ESP"]
[SourceTitle "EXT 2015"]
[Source "ChessBase"]
[SourceDate "2014.11.20"]
[SourceVersion "1"]
[SourceVersionDate "2014.11.20"]
[SourceQuality "1"]

1. e4 e5 2. Nf3 d6 3. Nc3 Be6 4. d3 f6 5. h3 c5 6. a3 a6 7. b4 cxb4 8. axb4 Nc6 9. g4 Nxb4 10. Rb1 Qb6 11. Ba3 Ba2 12. Nxa2 Qa5 13. Rb3 Nxa2+ 14. Qd2 Qc5 15. Bxc5 Rc8 16. Ba7 Ra8 17. Rxb7 a5 18. Qxa5 Rc8 19. d4 exd4 20. Bb5+ Rc6 21. Bxc6# 1-0